000 00431nam a2200181Ia 4500
001 13503
005 20260306164806.0
008 260306t2014||||xx |||||||||||||| ||spa||
041 _aESP
082 _a004.6
_bB114
100 _aBahga, Arshdeep
_eAUT
245 0 _aCloud computing:
_ba hands-on approach
260 _c2014
300 _a454 páginas :
_c25 cm.
650 _aGEN
654 _aCCC
942 _cLIB
_dJUS
_fJUS
_2ddc
_n
999 _c13503
_d13503